Bolivia : (Registro nro. 11727)

Detalles MARC
000 -LEADER
fixed length control field 00810nam a2200205Ia 4500
003 - CONTROL NUMBER IDENTIFIER
control field OSt
005 - DATE AND TIME OF LATEST TRANSACTION
control field 20210514103406.0
008 - FIXED-LENGTH DATA ELEMENTS--GENERAL INFORMATION
fixed length control field 210310s2012 bo abd gr 000 0 spa d
040 ## - CATALOGING SOURCE
Original cataloging agency CO-JMCR
Transcribing agency CO-JMCR
041 1# - LANGUAGE CODE
Language code of text/sound track or separate title spa
Language code of original eng
082 04 - DEWEY DECIMAL CLASSIFICATION NUMBER
Classification number 330.984 /
Item number M352b
Edition number 23
110 2# - MAIN ENTRY--CORPORATE NAME
Corporate name or jurisdiction name as entry element Bolivia :
Subordinate unit Ministerio de Economía y Finanzas Publicas
9 (RLIN) 37626
245 10 - TITLE STATEMENT
Title Bolivia :
Remainder of title resultados de un nuevo modelo económico /
Statement of responsibility, etc. Ministerio de Economía y Finanzas Públicas
260 ## - PUBLICATION, DISTRIBUTION, ETC.
Place of publication, distribution, etc. Bolivia :
Name of publisher, distributor, etc. Ministerio de Economía y Finanzas Públicas,
Date of publication, distribution, etc. 2012.
300 ## - PHYSICAL DESCRIPTION
Extent 27, 27 páginas :
Other physical details ilustraciones, gráficos, mapa y fotografías a color ;
Dimensions 21x21 cm.
546 ## - LANGUAGE NOTE
Language note Textos en español e Inglés.
650 14 - SUBJECT ADDED ENTRY--TOPICAL TERM
Topical term or geographic name entry element Modelo económico
Geographic subdivision Bolivia
9 (RLIN) 37627
650 24 - SUBJECT ADDED ENTRY--TOPICAL TERM
Topical term or geographic name entry element Fundamentos económicos
Geographic subdivision Bolivia
9 (RLIN) 37628
942 ## - ADDED ENTRY ELEMENTS (KOHA)
Source of classification or shelving scheme Dewey Decimal Classification
Koha item type Books
Existencias
Withdrawn status Lost status Source of classification or shelving scheme Damaged status Not for loan Home library Current library Shelving location Date acquired Source of acquisition Full call number Barcode Date last seen Copy number Price effective from Koha item type Total Checkouts
    Dewey Decimal Classification     Biblioteca Pública José María del Castillo y Rada Biblioteca Pública José María del Castillo y Rada General Stacks 04/15/2018 Donación 330.984 / M352b 430002180 05/16/2024 Ej.1 03/10/2021 Books  
    Dewey Decimal Classification     Biblioteca Pública José María del Castillo y Rada Biblioteca Pública José María del Castillo y Rada General Stacks 04/15/2018 Donación 330.984 / M352b 430002181 05/16/2024 Ej.2 03/10/2021 Books